MARC

LEADER 00000nam0a2200000 4500
001 240855
005 20231101231754.0
035 |a (RuTPU)RU\TPU\book\262115 
090 |a 240855 
100 |a 20130626d1974 k y0rusy50 ca 
101 0 |a rus 
102 |a RU 
105 |a a z 001zy 
200 1 |a Электрохимические процессы на переменном токе  |f Л. П. Шульгин  |g Академия наук СССР (АН СССР), Институт химии и технологии редких элементов и минерального сырья им. И. В. Тананаева (ИХТРЭМС) 
210 |a Ленинград  |c Наука  |d 1974 
215 |a 70 с.  |c ил. 
320 |a Библиогр.: с. 64-69. 
606 1 |a Электролиз в водных растворах  |2 stltpush  |3 (RuTPU)RU\TPU\subj\20114  |9 45250 
606 1 |a Электролиз  |2 stltpush  |3 (RuTPU)RU\TPU\subj\70770  |9 84975 
610 1 |a переменный ток 
610 1 |a электролиты 
610 1 |a окисление 
610 1 |a восстановление 
610 1 |a анионы 
610 1 |a катионы 
675 |a 621.357.1  |v 3 
675 |a 544.64  |v 3 
700 1 |a Шульгин  |b Л. П.  |g Лорис Петрович 
712 0 2 |a Академия наук СССР (АН СССР)  |b Институт химии и технологии редких элементов и минерального сырья им. И. В. Тананаева (ИХТРЭМС)  |c (Апатиты)  |2 stltpush  |3 (RuTPU)RU\TPU\col\11482 
801 1 |a RU  |b 63413507  |c 20130626 
801 2 |a RU  |b 63413507  |c 20140507  |g RCR 
942 |c BK